000 00274nam a2200121Ia 4500
008 140130s9999 xx 000 0 und d
245 _cPaulsen, Gary
_aGuts
260 _bScholastic,
_c2001
440 _v1
521 _aGrade 10 - Grade 15
942 _cBK
999 _c41443
_d41443